<?xml version="1.0" encoding="UTF-8"?>
<collection xmlns="http://www.loc.gov/MARC21/slim">
 <record>
  <leader>01440nam a22002291  4500</leader>
  <controlfield tag="001">1/21856</controlfield>
  <controlfield tag="008">010712s2001    gr d     m      11  gre d</controlfield>
  <datafield tag="035" ind1=" " ind2=" ">
   <subfield code="l">22560</subfield>
  </datafield>
  <datafield tag="040" ind1=" " ind2=" ">
   <subfield code="a">GR-PeUP</subfield>
  </datafield>
  <datafield tag="082" ind1="0" ind2="0">
   <subfield code="a">346.043 46 ΓΟ</subfield>
  </datafield>
  <datafield tag="100" ind1="1" ind2=" ">
   <subfield code="a">Γουλιάς, Ιωάννης Νικολάου.</subfield>
  </datafield>
  <datafield tag="245" ind1="1" ind2="2">
   <subfield code="a">Η χρηματοδοτική μίσθωση ακινήτων στην Ελλάδα και τα ισχύοντα στο εξωτερικό :</subfield>
   <subfield code="b">περιγραφή της υπάρχουσας κατάστασης και υποβολή προτάσεων για βελτίωση του θεσμού /</subfield>
   <subfield code="c">Ιωάννης Νικολάου Γουλιάς</subfield>
  </datafield>
  <datafield tag="260" ind1=" " ind2=" ">
   <subfield code="a">Πειραιάς :</subfield>
   <subfield code="b">Πανεπιστήμιο Πειραιώς,</subfield>
   <subfield code="c">2001</subfield>
  </datafield>
  <datafield tag="300" ind1=" " ind2=" ">
   <subfield code="a">iii, 337 σ. :</subfield>
   <subfield code="b">πιν., διαγ. ;</subfield>
   <subfield code="c">30 εκ.</subfield>
  </datafield>
  <datafield tag="502" ind1=" " ind2=" ">
   <subfield code="a">Διατριβή (Δ.Ε.)--Πανεπιστήμιο Πειραιώς, 2000.</subfield>
  </datafield>
  <datafield tag="650" ind1=" " ind2="4">
   <subfield code="a">Διατριβές.</subfield>
  </datafield>
  <datafield tag="650" ind1=" " ind2="4">
   <subfield code="a">Ακίνητη περιουσία</subfield>
   <subfield code="x">Φορολογία</subfield>
   <subfield code="z">Ελλάδα.</subfield>
  </datafield>
  <datafield tag="650" ind1=" " ind2="4">
   <subfield code="a">Leasing.</subfield>
  </datafield>
  <datafield tag="650" ind1=" " ind2="4">
   <subfield code="a">Σύμβαση Leasing.</subfield>
  </datafield>
  <datafield tag="710" ind1="2" ind2=" ">
   <subfield code="a">Πανεπιστήμιο Πειραιώς. Τμήμα Οργάνωσης και Διοίκησης Επιχειρήσεων.</subfield>
  </datafield>
  <datafield tag="852" ind1=" " ind2=" ">
   <subfield code="a">INST</subfield>
   <subfield code="b">UNIPILB</subfield>
   <subfield code="c">DISS</subfield>
   <subfield code="e">20040709</subfield>
   <subfield code="h">346.043 46 ΓΟ</subfield>
   <subfield code="p">00136367</subfield>
   <subfield code="q">00136367</subfield>
   <subfield code="t">NOLOAN</subfield>
   <subfield code="y">23</subfield>
   <subfield code="4">1</subfield>
  </datafield>
  <datafield tag="852" ind1=" " ind2=" ">
   <subfield code="a">INST</subfield>
   <subfield code="b">UNIPILB</subfield>
   <subfield code="c">DISS</subfield>
   <subfield code="e">20070125</subfield>
   <subfield code="h">346.043 46 ΓΟ</subfield>
   <subfield code="p">00151827</subfield>
   <subfield code="q">00151827</subfield>
   <subfield code="t">NOLOAN</subfield>
   <subfield code="y">23</subfield>
   <subfield code="4">2</subfield>
  </datafield>
 </record>
</collection>
